000 00692cam a22002052 4500
001 0000009377
005 20151021151121.0
008 081008s xx 000 0 eng d
020 _a1932805303 :
_cKES 650
040 _aKABU
_cKABU
100 1 _aEngstrom, Ted W.
_@0000161185
245 1 4 _aThe Making of a mentor :
_b9 essential characteristics of influential christian leaders /
_cTed W. Engstrom, Ron Jenson.
260 _aFederal Way, WA :
_bWorld Vision,
_c2005.
300 _axvi, 217 p.
650 0 _aMentoring in church work.
_@0000161186
700 1 _aJenson, Ron.
_@0000161187
908 _a081008
950 _@1
999 _c841
_d841